Reseña histórico-arqueológica de la antigua Mirabriga [sic] (Ciudad-Rodrigo) : (Record no. 158085)
[ view plain ]
| 000 -LEADER | |
|---|---|
| campo de control de longitud fija | 01070nam a2200205 i 4500 |
| 001 - NÚMERO DE CONTROL | |
| campo de control | 158085 |
| 003 - IDENTIFICADOR DE NÚMERO DE CONTROL | |
| campo de control | ES-MaACL |
| 005 - FECHA Y HORA DE LA ÚLTIMA TRANSACCIÓN | |
| campo de control | 20230906211013.0 |
| 008 - DATOS DE LONGITUD FIJA--INFORMACIÓN GENERAL | |
| campo de control de longitud fija | 000228s1865 sp |||| | spa d |
| 080 ## - NÚMERO DE LA CLASIFICACIÓN DECIMAL UNIVERSAL | |
| Número de la Clasificación Decimal Universal | 94(460.187 Ciudad Rodrigo) |
| 080 ## - NÚMERO DE LA CLASIFICACIÓN DECIMAL UNIVERSAL | |
| Número de la Clasificación Decimal Universal | 94(460.187 Ciudad Rodrigo)"1810" |
| 100 1# - ENTRADA PRINCIPAL--NOMBRE DE PERSONA | |
| Nombre de persona | López y Ramajo, Antonio María. |
| 9 (RLIN) | 129246 |
| 245 10 - MENCIÓN DEL TÍTULO | |
| Título | Reseña histórico-arqueológica de la antigua Mirabriga [sic] (Ciudad-Rodrigo) : |
| Resto del título | leída a la Real Academia Española Arqueológica y Geográfica del Príncipe Alfonso / |
| Mención de responsabilidad, etc. | por Antonio María López y Ramajo. |
| 260 ## - PUBLICACIÓN, DISTRIBUCIÓN, ETC. | |
| Lugar de publicación, distribución, etc. | Madrid : |
| Nombre del editor, distribuidor, etc. | [s.n.], |
| Fecha de publicación, distribución, etc. | 1865 ( |
| Fabricante | Imp. de la Galeria Literaria a cargo de Castillo) |
| 300 ## - DESCRIPCIÓN FÍSICA | |
| Extensión | 40 p. ; |
| Dimensiones | 20 cm. |
| 651 #4 - PUNTO DE ACCESO ADICIONAL DE MATERIA--NOMBRE GEOGRÁFICO | |
| Nombre geográfico | Ciudad Rodrigo- |
| Subdivisión general | Historia. |
| 9 (RLIN) | 163135 |
| 651 #4 - PUNTO DE ACCESO ADICIONAL DE MATERIA--NOMBRE GEOGRÁFICO | |
| Nombre geográfico | Ciudad Rodrigo- |
| Subdivisión general | Historia- |
| Subdivisión cronológica | 1810, Sitio. |
| 9 (RLIN) | 173822 |
| 710 2# - ENTRADA AGREGADA--NOMBRE DE ENTIDAD CORPORATIVA | |
| Nombre de entidad corporativa o nombre de jurisdicción como elemento de entrada | Real Academia Española de Arqueología y Geografía del Príncipe Alfonso. |
| 9 (RLIN) | 134778 |
| 852 4# - LOCALIZACIÓN | |
| Ubicación | ES-MaACL |
| Número de control de estantería | T-74-F-11 |
| Nota libre | - Enc. hol., falto de cub. original |
| -- | - Enc. en un vol. facticio |
| -- | - Ded. autógr. del autor al presidente del Ateneo de Madrid |
| Estatus retirado | Estado de pérdida | Estado de daño | No para préstamo | Colección | Biblioteca de origen | Biblioteca actual | Ubicación en estantería | Fecha de adquisición | Total de préstamos | Signatura topográfica completa | Código de barras | Visto por última vez | Precio de reemplazo | Tipo de ítem Koha |
|---|---|---|---|---|---|---|---|---|---|---|---|---|---|---|
| Colección de folletos | Biblioteca del Ateneo de Madrid | Biblioteca del Ateneo de Madrid | Depósito folletos | 17/01/2008 | T-74-F-11 | 1165449 | 23/02/2023 | 23/02/2023 | Folleto |
